LDR 00680naa#a2200181#i#450# 001 EN\FGKOU VO SPBU MVD ROSSII\bibl\101349 005 20260701075544.3 011 ## _a2071-8284 100 ## _a20260630b2026####ek#y0engy0150####ca 101 0# _aRUS 102 ## _aRU 200 1# _aCompliance with environmental legislation: “green waves” as a tool for reducing transport emissions in megapolises _eJournal article 210 1# _aSt. Petersburg _cSAINT-PETERSBURG UNIVERSITY OF THE MINISTRY OF INTERNAL AFFAIRS OF THE RUSSIAN FEDERATION _d2026 215 ## _a9 с. 608 ## _aJournal article _2local 700 #1 _aDerusov _gAndrey Alekseevich 700 #1 _aPertsova _gNatalia Nikolaevna 856 4# _aepinb.ru _u